01096nam a2200289Ia 450000500170000000800270001702000180004408200160006210000260007824502040010425000170030830000500032550000220037565000180039765000410041565000460045665000380050270000410054070000400058194200120062126400350063333600270066833700330069533800280072804000350075699900150079120220317000335.0141031s9999 ck 000 0 spa d a978384800608304a507.8bC38e1 aChurchill, E. Richard10a365 experimentos sencillos para niñosbcon materiales cotidianos ctextos de E. Richard Churchill, Louis V. Loeschnig, Muriel Mendell ; ilustrado por Francis Zweifel ; traducido por Gemma Deza Guil a1a edición a317 páginasbilustraciones en colorc23 cm. aIncluye contenido142LEMBaCiencia142LEMBaExperimentación científica142LEMBaExperimentosxEnseñanza elemental142LEMBaExperimentaciónvManuales1 aZweifel, Francis eilustrador9181661 aDeza Guil, Gemma etraductor918167 2ddccBK aBarcelonabH.F. Hullmannc2007 atextobtxt2rdacontent asin mediaciónbn2rdamedia avolumenbnc2rdacarrier aCO-BoRNBPbspaerdacCO-BoRNBP c3771d3771